| 000 | 00569nam a2200181 i 4500 | ||
|---|---|---|---|
| 001 | 65254 | ||
| 003 | ES-MaACL | ||
| 005 | 20230906165331.0 | ||
| 007 | t| | ||
| 008 | 040109s1972 sp ||||1| spa d | ||
| 100 | 1 |
_aFreedman, Ralph. _952420 |
|
| 245 | 1 | 3 |
_aLa novela lírica _b: Hermann Hesse, André Gide y Virginia Wolf / _cRalph Freedman ; [traducción de, José Manuel Llorca]. |
| 250 | _a[1ª ed.]. | ||
| 260 |
_a[Barcelona] : _bBarral, _c1972. |
||
| 300 |
_a358 p. ; _c20 cm. |
||
| 700 | 1 |
_aLlorca, José Manuel. _972855 |
|
| 852 |
_aES-MaACL _jC-43580 _bR.82111 |
||
| 999 |
_c65254 _d65254 |
||